000 01005nam a2200241 a 4500
999 _c5808
_d5808
001 5808
003 BD-JhCC
005 20171221191938.0
008 171221s20142015xxua|||| || | 000 0 ben d
035 _a(BD-JhCC)5808
040 _aBD-JhCC
_dBD-JhCC
041 _aben
082 _a320
_bSUL 2015
100 _aসুলতানা, বিলকিছ
245 _aপৌরনীতি ও সুশাসন দ্বিতীয় পত্র একাদশ-দ্বাদশ শ্রেণি /
_cবিলকিছ সুলতানা, মুহাম্মদ ফখরুদ্দীন এবং মোঃ রশিদুজ্জামান
260 _aঢাকা :
_bকাজল ব্রাদার্স লিমিটেড,
_c2015.
300 _a272 p. :
_c24 cm.
650 _aPolitical Science
700 _aফখরুদ্দীন, মুহাম্মদ
700 _aরশিদুজ্জামান, মোঃ
942 _2ddc
_cBK